| 000 | 01431nam0a2200373 4500 | ||
|---|---|---|---|
| 001 | RU\NLR\bibl\744470 | ||
| 005 | 20250614004210.0 | ||
| 010 |
_a5-7784-0284-8 _91500 |
||
| 021 |
_aRU _b2004-80293 _93961 |
||
| 035 | _a(NLR Aleph) 000734320 | ||
| 090 |
_a782408 _c782408 |
||
| 100 | _a20050405d2004 |||y0rusy50 ca | ||
| 101 | 0 | _arus | |
| 102 | _aRU | ||
| 105 | _aa ||||||||| | ||
| 200 | 1 |
_a"Серапионовы братья" в зеркалах переписки _f[вступ. ст., сост., коммент., аннот. указ. Е. Лемминга] |
|
| 210 |
_aМосква _cАГРАФ _d2004 |
||
| 215 |
_a539,[1] с. _cил. _d21 |
||
| 225 | 1 | _aСимволы времени | |
| 320 | _aБиблиогр. в конце ст. | ||
| 320 | _aУказ. изд. и лит. орг.: с. 480-487 | ||
| 320 | _aИмен. указ.: с. 488-540 | ||
| 601 | 0 | 2 |
_a"Серапионовы братья", литературная группа _cЛенинград, город _91565053 _3RU\NLR\auth\66985064 |
| 606 | 1 |
_aРусская советская литература _jДокументы и материалы _9888281 _3RU\NLR\auth\66496 |
|
| 686 | _aШ5(2=Р)7-329.9 | ||
| 686 | _aШ5(2=Р)7,1 | ||
| 702 | 1 |
_aЛемминг _bЕ. _4220 |
|
| 801 | 0 |
_aRU _bNLR _c20050405 _grcr |
|
| 801 | 1 |
_aRU _bNLR _c20050405 |
|
| 942 | _cBOOK | ||
| 980 | _aNB | ||